Walt Disney's classic:bambi (Record no. 14184)
[ view plain ]
| 000 -LEADER | |
|---|---|
| fixed length control field | 01816nam a22003377a 4500 |
| 001 - CONTROL NUMBER | |
| control field | B-261948-953 |
| 003 - CONTROL NUMBER IDENTIFIER | |
| control field | dpl |
| 005 - DATE AND TIME OF LATEST TRANSACTION | |
| control field | 20080606122156.0 |
| 008 - FIXED-LENGTH DATA ELEMENTS--GENERAL INFORMATION | |
| fixed length control field | 080606t xxu||||| |||| 00| 0 eng d |
| 010 ## - LIBRARY OF CONGRESS CONTROL NUMBER | |
| LC control number | B-261948-953 |
| 020 ## - INTERNATIONAL STANDARD BOOK NUMBER | |
| International Standard Book Number | 184425305 |
| Terms of availability | 250.00 |
| 035 ## - SYSTEM CONTROL NUMBER | |
| System control number | B-261948-953 |
| 037 ## - SOURCE OF ACQUISITION | |
| Source of stock number/acquisition | Super Book Distributors/22.4.08/27/8.4.08/19.5.08/495.00/ |
| 040 ## - CATALOGING SOURCE | |
| Original cataloging agency | DPL |
| Language of cataloging | EN |
| 082 ## - DEWEY DECIMAL CLASSIFICATION NUMBER | |
| Classification number | S |
| 245 ## - TITLE STATEMENT | |
| Title | Walt Disney's classic:bambi |
| 260 ## - PUBLICATION, DISTRIBUTION, ETC. (IMPRINT) | |
| Place of publication, distribution, etc | London |
| Name of publisher, distributor, etc | Ladybird |
| Date of publication, distribution, etc | 2005 |
| 260 ## - PUBLICATION, DISTRIBUTION, ETC. (IMPRINT) | |
| Place of publication, distribution, etc | New Delhi |
| Name of publisher, distributor, etc | Super Book Distributors |
| 270 ## - ADDRESS | |
| Address | 80 Strand, |
| City | London |
| 270 ## - ADDRESS | |
| Address | F-1/16, Basement Ansari Road, Darya Ganj |
| City | New Delhi |
| Postal code | 110002 |
| 300 ## - PHYSICAL DESCRIPTION | |
| Extent | 61p. |
| Other physical details | col. ill. |
| Dimensions | 26 cm.(pbk) |
| 942 ## - ADDED ENTRY ELEMENTS (KOHA) | |
| Source of classification or shelving scheme | Dewey Decimal Classification |
| Koha item type | Children Books |
| Classification part | S |
| Call number suffix | WAL |
| Withdrawn status | Lost status | Damaged status | Not for loan | Collection code | Home library | Current library | Date acquired | Cost, normal purchase price | Total Checkouts | Full call number | Barcode | Date last seen | Date checked out | Copy number | Cost, replacement price | Price effective from | Koha item type | Total Renewals | Source of acquisition |
|---|---|---|---|---|---|---|---|---|---|---|---|---|---|---|---|---|---|---|---|
| Fiction | Central Library | Central Library | 02/07/2008 | 250.00 | 2 | S / WAL | B-261948 | 12/08/2022 | 25/07/2022 | 1 | 250.00 | 15/09/2008 | Children Books | ||||||
| Fiction | Jor Bagh (Children Lib) | Jor Bagh (Children Lib) | 02/07/2008 | 250.00 | S / WAL | B-261951 | 15/09/2008 | 1 | 250.00 | 15/09/2008 | Children Books | ||||||||
| Fiction | Karol Bagh | Karol Bagh | 02/07/2008 | 250.00 | S / WAL | B-261952 | 15/09/2008 | 1 | 250.00 | 15/09/2008 | Children Books | ||||||||
| Withdrawn | Fiction | Patel Nagar | Patel Nagar | 02/07/2008 | 250.00 | S / WAL | B-261949 | 15/09/2008 | 1 | 250.00 | 15/09/2008 | Children Books | |||||||
| Fiction | Sarojini Nagar | Sarojini Nagar | 02/07/2008 | 250.00 | 8 | S / WAL | B-261950 | 11/02/2026 | 04/02/2026 | 1 | 250.00 | 15/09/2008 | Children Books | 2 | |||||
| Fiction | Shahdara Branch | Shahdara Branch | 02/07/2008 | 250.00 | S / WAL | B-261953 | 15/09/2008 | 1 | 250.00 | 15/09/2008 | Children Books | ||||||||
| Fiction | Vinoba Puri | Vinoba Puri | 10/09/2008 | 250.00 | 34 | S WAL | B-284429 | 01/06/2015 | 13/06/2013 | 1 | 250.00 | 15/09/2008 | Children Books | 2 | Super Book/45019/4.8.08/214/21.7.08/13.8.08 |
